000 00535ntaaa2200193 4500
003 01
005 20251027201305.0
008 0714s1973 ag 01
040 _aAR-BaBN
_bspa
_cAR-BaBN
_eaacr
_dRIC
082 _a221.6400 T72
100 _aTrent, Kenneth E.
_911085
245 _aTypes of Christ in the Old Testament
250 _a1 ed.
260 _aNY :
_bExposition Press,
_cc1960
300 _a123 p.
500 _aUn acceso conservativo a la tipología de Cristo en el A.T.
650 _aTipología Bíblica
_911086
942 _cBK
999 _c7299
_d7299